000 00338nam a2200133Ia 4500
008 240624s9999 xx 000 0 und d
041 _aeng
082 _a302.302 AND
100 _aANDREWS GILLIAN GUS
245 _aKEEP CALM AND LOG ON YOUR HANDBOOK FOR S
260 _c2020
_aLondon
_bThe MIT Press
300 _a351 p.
365 _c
_b33
999 _c32685
_d32685